Identifying correlates of stable gang membership
| Autores principales: | ; ; |
|---|---|
| Tipo de documento: | Electrónico Artículo |
| Lenguaje: | Inglés |
| Publicado: |
2012
|
| En: |
Journal of contemporary criminal justice
Año: 2012, Volumen: 28, Número: 4, Páginas: 482-498 |
| Acceso en línea: |
Volltext (lizenzpflichtig) Volltext (lizenzpflichtig) |
| Verificar disponibilidad: | HBZ Gateway |
MARC
| LEADER | 00000caa a22000002c 4500 | ||
|---|---|---|---|
| 001 | 1912579251 | ||
| 003 | DE-627 | ||
| 005 | 20250919090356.0 | ||
| 007 | cr uuu---uuuuu | ||
| 008 | 241217s2012 xx |||||o 00| ||eng c | ||
| 024 | 7 | |a 10.1177/1043986212458196 |2 doi | |
| 035 | |a (DE-627)1912579251 | ||
| 035 | |a (DE-599)KXP1912579251 | ||
| 040 | |a DE-627 |b ger |c DE-627 |e rda | ||
| 041 | |a eng | ||
| 084 | |a 2,1 |2 ssgn | ||
| 100 | 1 | |a Melde, Chris |e VerfasserIn |0 (DE-588)1213765293 |0 (DE-627)1724766260 |4 aut | |
| 109 | |a Melde, Chris |a Melde, Christopher | ||
| 245 | 1 | 0 | |a Identifying correlates of stable gang membership |c Chris Melde, Chelsea Diem, and Gregory Drake |
| 264 | 1 | |c 2012 | |
| 336 | |a Text |b txt |2 rdacontent | ||
| 337 | |a Computermedien |b c |2 rdamedia | ||
| 338 | |a Online-Ressource |b cr |2 rdacarrier | ||
| 700 | 1 | |a Drake, Gregory |e VerfasserIn |4 aut | |
| 700 | 1 | |a Diem, Chelsea |e VerfasserIn |4 aut | |
| 773 | 0 | 8 | |i Enthalten in |t Journal of contemporary criminal justice |d London : Sage, 1978 |g 28(2012), 4, Seite 482-498 |h Online-Ressource |w (DE-627)324529228 |w (DE-600)2027876-7 |w (DE-576)095238050 |x 1552-5406 |7 nnas |
| 773 | 1 | 8 | |g volume:28 |g year:2012 |g number:4 |g pages:482-498 |
| 787 | 0 | 8 | |i Forschungsdaten |a Esbensen, Finn-Aage |t Evaluation of the Gang Resistance Education and Training (GREAT) Program in the United States, 1995-1999 |d [Erscheinungsort nicht ermittelbar] : [Verlag nicht ermittelbar], 2002 |w (DE-627)1840045493 |
| 856 | 4 | 0 | |u https://doi.org/10.1177/1043986212458196 |x Resolving-System |z lizenzpflichtig |3 Volltext |7 1 |
| 856 | 4 | 0 | |u http://www.ncjrs.gov/App/publications/abstract.aspx?ID=263617 |x Verlag |z lizenzpflichtig |3 Volltext |7 1 |
| 935 | |a mkri | ||
| 951 | |a AR | ||
| ELC | |a 1 | ||
| LOK | |0 000 xxxxxcx a22 zn 4500 | ||
| LOK | |0 001 4637544750 | ||
| LOK | |0 003 DE-627 | ||
| LOK | |0 004 1912579251 | ||
| LOK | |0 005 20241217044543 | ||
| LOK | |0 008 241217||||||||||||||||ger||||||| | ||
| LOK | |0 035 |a (DE-2619)ICPSR111768 | ||
| LOK | |0 040 |a DE-2619 |c DE-627 |d DE-2619 | ||
| LOK | |0 092 |o n | ||
| LOK | |0 852 |a DE-2619 | ||
| LOK | |0 852 1 |9 00 | ||
| LOK | |0 935 |a nacp | ||
| LOK | |0 939 |a 17-12-24 |b l01 | ||
| ORI | |a SA-MARC-krimdoka001.raw | ||
